00912 2200229 4500001002100000005001500021035002000036008004100056020001800097041000800115082001100123084001700134100001000151245007300161250001100234260004700245300003500292520027900327650002400606990002600630990002600656INLIS00000000000127520221019031543 a0010-0520001275221019 | | ind  a979-421-823-5 aind a320.01 a320.01 RAP f0 aRapar1 aFilsafat Politik : Plato Aristoteles Augustinus Machiavelli /cRapar aCet.2. aIndia :bAcademic ( India ) Publishers,c- aXII, 458 hlm. ; 21 cm ;c21 cm aKarya besar filsafat tidak hadir secara kebetulan, ia tumbuh dan berkembang di lingkungan tradisi dan budaya tertentu didalam konteks ruang dan waktu. Dari lingkungan spesial dan temporal filsuf yang jenius akan melahirkan karya yang melampaui batasan ruang dan waktu. 03012 4a1. Politik Filsafat a03012/MKRI-P/III-2006 a03013/MKRI-P/III-2006